<?xml version="1.0" encoding="UTF-8"?>
<collection xmlns="http://www.loc.gov/MARC21/slim">
  <record>
    <leader>00000nam  2200000   4500</leader>
    <controlfield tag="001">INLIS000000000018601</controlfield>
    <controlfield tag="005">20241129102245</controlfield>
    <datafield tag="035" ind1="#" ind2="#">
      <subfield code="a">0010-1124000267</subfield>
    </datafield>
    <controlfield tag="007">ta</controlfield>
    <controlfield tag="008">241129###########################0######</controlfield>
    <datafield tag="245" ind1="#" ind2="#">
      <subfield code="a">HANDBOOK FOR PRACTICE FARMASIA :</subfield>
      <subfield code="b">Farmasi Siap Aksi di Industri Pelayananc /</subfield>
      <subfield code="c">Akhmad Ardiansyah, S.Farm., M.Si</subfield>
    </datafield>
    <datafield tag="260" ind1="#" ind2="#">
      <subfield code="a">Makassar :</subfield>
      <subfield code="b">Puslatbang KMP RI LAN Makassar,</subfield>
      <subfield code="c">2024</subfield>
    </datafield>
    <datafield tag="300" ind1="#" ind2="#">
      <subfield code="a">43 ;</subfield>
      <subfield code="c">30</subfield>
    </datafield>
    <datafield tag="650" ind1="#" ind2="4">
      <subfield code="a">Meningkatkan kualitas pembelajaran dengan pendekatan praktik</subfield>
    </datafield>
    <datafield tag="700" ind1=" " ind2="#">
      <subfield code="a">Ns. Rosani Naim, S.Kep., M.Kep (Mentor)</subfield>
    </datafield>
    <datafield tag="700" ind1=" " ind2="#">
      <subfield code="a">Zulchaidir,S.SOS.,M.PA (Coach)</subfield>
    </datafield>
    <datafield tag="520" ind1="#" ind2="#">
      <subfield code="a">Pengembangan Handbook for Practice FARMASIA bertujuan menjawab kebutuhan adanya bahan ajar yang komprehensif dan terstruktur dalam mendukung pembelajaran praktik pelayanan kefarmasian di Fasilitas Pelayanan Kesehatan (Faskes). Saat ini, terdapat esenjangan antara materi ajar di kampus dan praktik di dunia kerja, sehingga lulusan kurang siap menghadapi tantangan profesional di Faskes. Modul ini dirancang untuk memberikan panduan praktis berbasis case yang diharapkan dapat membantu memahami situasi riil di lapangan. Modul ini mengintegrasikan teknologi pembelajaran modern untuk mengakses sumber daya digital seperti artikel, buku, dan tutorial video. Kegiatan yang dilakukan meliputi pengembangan modul berbasis kasus dan praktik, penyusunan konten interaktif, workshop implementasi kepada dosen pengampu, dan evaluasi penerapan modul kepada mahasiswa farmasi. Selain itu, modul ini melibatkan kolaborasi antara dosen dan praktisi di lapangan, sehingga konten yang dihasilkan lebih relevan dengan kebutuhan industri farmasi saat ini. Modul Handbook for Practice FARMASIA meningkatkan kualitas pembelajaran dengan pendekatan praktik Mahasiswa dapat memperdalam pemahaman mereka tentang pelayanan kefarmasian secara teori dan praktik. serta lebih siap menghadapi tantangan di Faskes berkat materi ajar yang sistematis dan sesuai standar pelayanan kefarmasian.</subfield>
    </datafield>
    <datafield tag="856" ind1="#" ind2="#">
      <subfield code="a">PUSLATBANG KMP LAN RI Makassar</subfield>
    </datafield>
  </record>
</collection>
